000 00465nam a22001817a 4500
003 CEME
005 20210628204753.0
008 210121b xxu||||| |||| 00| 0 eng d
020 _a81-229-0255-3
040 _cceme
082 _a823.914 ACH
100 _aAchebe, Chinua
_972287
245 _aThings fall apart
260 _aNEW DELHI
_bISLAMIC PUBLICATIONS, SURJEET PUBLICATIONS
_c2007
300 _a212P
650 _aENGLISH NOVEL
_972288
942 _cBK
_2ddc
999 _c578385
_d578385